Ravel o el lirismo y los sortilegios

में बचाया:
ग्रंथसूची विवरण
मुख्य लेखक: Bruyr, José (लेखक)
स्वरूप: पुस्तक
भाषा:स्पेनिश
प्रकाशित: Buenos Aires Schapire 1953
श्रृंखला:Colección Los Grandes Maestros
विषय:
टैग: टैग जोड़ें
कोई टैग नहीं, इस रिकॉर्ड को टैग करने वाले पहले व्यक्ति बनें!

MARC

LEADER 00000nam a2200000 a 4500
001 UCN2174
003 CL-VaPUC
008 010511e19530000AG |||||||||||||||||spa|d
082 0 4 |a 780.92  |b BRU  |2 21 
100 0 |a Bruyr, José  |e author  |9 457858 
245 1 0 |a Ravel o el lirismo y los sortilegios 
300 |a 215 p 
942 |c BK 
945 |d 20010511 00:00:00  |a crobeson 
260 |a Buenos Aires  |b Schapire  |c 1953 
600 0 7 |a RAVEL, MAURICE  |2 CL-VaPUC  |9 457859 
650 0 |a Compositores franceses  |9 328980 
650 0 |a Música, siglo 20  |9 324961 
583 |a last modification  |c 20010511 00:00:00  |k Rodrigo Vera 
490 0 |a Colección Los Grandes Maestros 
999 |c 295332  |d 295330